La funcion de la historia en "Cien anos de soledad" /

Bibliographic Details
Main Author: Mena, Lucila Inés
Format: Book
Language:Spanish
Published: Esplugas de Llobregat, Barcelona : Plaza & Janes, 1979.
Edition:1a ed.
Subjects:

MARC

Tag First Indicator Second Indicator Subfields
LEADER 00000cam a2200000 a 4500
001 in00000096589
005 20150924084720.0
008 810821s1979 sp b 00010 spam
010 |a  80119300  
015 |a Sp 
020 |a 8401331641 :  |c 550ptas 
035 |a (OCoLC)06617727 
035 |9 AAK8719AM 
040 |a DLC  |c DLC  |d m.c.  |d TXA  |d UtOrBLW 
049 |a TXAM  |c [1117093] 
050 0 0 |a PQ8180.17 A73  |b C5345 
082 0 |a 863  |2 19 
100 1 |a Mena, Lucila Inés. 
245 1 3 |a La funcion de la historia en "Cien anos de soledad" /  |c Lucila Ines Mena. 
250 |a 1a ed. 
264 1 |a Esplugas de Llobregat, Barcelona :  |b Plaza & Janes,  |c 1979. 
300 |a 222 pages ;  |c 22 cm. 
336 |a text  |b txt  |2 rdacontent 
337 |a unmediated  |b n  |2 rdamedia 
338 |a volume  |b nc  |2 rdacarrier 
504 |a Includes bibliographical references. 
600 1 0 |a García Márquez, Gabriel,  |d 1927-2014.  |t Cien años de soledad. 
999 |a MARS 
999 f f |s 01a346f0-291a-3415-b14e-b17ef8bd933c  |i b8be8a24-80ad-3ce2-bdcb-dc63303840ed  |t 0 
952 f f |p normal  |a Texas A&M University  |b College Station  |c Sterling C. Evans Library  |d Evans: Library Stacks  |t 0  |e PQ8180.17.A73 C5345  |h Library of Congress classification  |i unmediated -- volume  |m A14806038066 
998 f f |a PQ8180.17.A73 C5345  |t 0  |l Evans: Library Stacks